000 00744nam a2200253Ia 4500
003 OSt
005 20220918183741.0
006 a|||||r|||| 00| 0
007 ta
008 220917b |||||||| |||| 00| 0 eng d
024 _a40,436
037 _cTextual
040 _aARTS
_cARTS
_beng
041 _2eng
_aeng
082 _aO15:gxH35,1, M1 (P15)
100 _aVisvanath Kaviraja
_963492
245 0 _aSahitya darpana ed with Hindi tr by Shesharaja Sharma
260 _aVaranasi
_bKrishnadas Academy
_c1981
300 _a84,1057p.
_ccm.
490 _aKrishnadas sanskrit series; 1
650 _aENGLISH LITERATURE
942 _hO15:gxH35,1, M1 (P15)
_cTEXL
_2CC
999 _c173649
_d173649